Devinez le nom de ces actrices/acteurs #2 - Statistiques

Statistiques générales
  • Ce quiz a été pris 112 fois
  • Le résultat moyen est 14 sur 26
Statistiques - réponses
Par images Réponse % Correct
Will smith
94%
Jean Dujardin
84%
Ariana Grande
82%
George Clooney
81%
Jennifer aniston
75%
Christian Clavier
72%
Dwayne Johnson
72%
Jennifer Lawrence
67%
Robert De Niro
66%
Julia Roberts
65%
Scarlett Johansson
63%
Jean Claude Van Damme
61%
Andrew garfield
58%
Robin williams
56%
Jude law
52%
Chris Pratt
50%
Pierce Brosnan
42%
Uma Thurman
42%
Benedict Cumberbatch
41%
Bryan Cranston
30%
Christopher Lee
27%
Gary Oldman
27%
Bill murray
25%
Ewan McGregor
25%
Terry crews
19%
Michael C. Hall
14%
Aucun quiz correspondant
Distribution des résultats
% des personnes avec chaque résultat
Percentile par nombre de réponses
Votre historique - résultats
Vous n’avez pas pris ce quiz